Văn kiện đảng toàn tập

Gồm 93 tài liệu văn kiện, 3 tài liệu phụ lục tập hợp những văn kiện phản ánh sự lãnh đạo của Đảng trong năm 1996 được bố cục thành 2 phần chính văn và phụ lục. Mỗi tài liệu sắp xếp theo trình tự thời gian hoặc trình tự giải quyết...

সম্পূর্ণ বিবরণ

সংরক্ষণ করুন:
গ্রন্থ-পঞ্জীর বিবরন
সংস্থা লেখক: Đảng Cộng sản Việt Nam
বিন্যাস: গ্রন্থ
ভাষা:Undetermined
প্রকাশিত: Hà Nội Chính trị Quốc gia 2015
বিষয়গুলি:
ট্যাগগুলো: ট্যাগ যুক্ত করুন
কোনো ট্যাগ নেই, প্রথমজন হিসাবে ট্যাগ করুন!
Thư viện lưu trữ: Trung tâm Học liệu Trường Đại học Cần Thơ
LEADER 00993nam a2200205Ia 4500
001 CTU_214928
008 210402s9999 xx 000 0 und d
082 |a 324.2597075 
082 |b Đ106/T.55 
110 |a Đảng Cộng sản Việt Nam 
245 0 |a Văn kiện đảng toàn tập 
245 0 |c Đảng Cộng sản Việt Nam 
260 |a Hà Nội 
260 |b Chính trị Quốc gia 
260 |c 2015 
520 |a Gồm 93 tài liệu văn kiện, 3 tài liệu phụ lục tập hợp những văn kiện phản ánh sự lãnh đạo của Đảng trong năm 1996 được bố cục thành 2 phần chính văn và phụ lục. Mỗi tài liệu sắp xếp theo trình tự thời gian hoặc trình tự giải quyết 
650 |a Communist parties,Đảng Cộng sản 
650 |z Vietnam,Việt Nam 
904 |i Nguyên 
980 |a Trung tâm Học liệu Trường Đại học Cần Thơ